000 04312nim a2200565 i 4500
001 197229
003 ES-MaACL
005 20250828062603.0
007 ss lsnjlcipnne
008 250424s1990 sp nnnn |||| 00| spa d
040 _bspa
_cES-MaACL
245 0 0 _aJornadas sobre diabetología
_h[Grabación sonora] :
_bdías 16 y 17 de noviembre de 1990
260 _aMadrid :
_bAteneo de Madrid,
_c1990.
300 _a4 casetes (ca. 360 min) :
_bson. ;
_c11 cm.
490 1 _3Actos culturales en el Ateneo de Madrid
505 _aCinta 1 y 2 contienen las conferencias del día 16 de noviembre de 1990. La primera conferencia “La diabetes como problema social” moderada por Ignacio Fernández Bayo, periodista científico del Diario 16. Intervienen; Jaime Antona Casado, jefe de sección del Instituto Diabetológico de Cruz Roja Española, Alberto de Leiva Hidalgo, presidente de la Sociedad Española de Diabetes, y Francisco Diaz Cadorniga, jefe del servicio de Endocrinología y Nutrición del Hospital Covadonga de Oviedo. La segunda conferencia “Causas, diagnóstico y tratamiento de la diabetes” moderada por Francisco Arrieta Cabrero, del departamento de Endocrinología de la Fundación Jiménez Diaz. Intervienen; José Luis Herrera Pombo, jefe de servicio de Endocrinología de la Fundación Jiménez Diaz, Alfonso Luis Calle Pascual del servicio de Endocrinología del Hospital Clínico de San Carlos y Carlos Ferre Cabrero, director nacional del Programa Diabético de Cruz Roja Española. Las cintas 3 y 4 contienen las conferencias del día 17 de noviembre de 1990. La primera conferencia “Tratamiento dietético y físico de la diabetes” moderada por Charo Pascual Campos, periodista científica de Antena 3. Intervienen; Juan Miguel Ponz Marín, experto en higiene de los alimentos de la OMS, Pilar Manzano Arroyo, jefa de sección de nutrición de la Clínica Puerta de Hierro y Carmen Gómez Candela del servicio de nutrición clínica y dietética de la Ciudad Sanitaria de la Paz. La segunda conferencia “Perspectivas actuales y futuras del tratamiento de la diabetes” moderada por José María Fernández Rúa, periodista científico del Diario ABC. Intervienen; José Luis Rodríguez Miñon, presidente de honor de la Sociedad Española de la Diabetes, Antonio Jara Albarrán, presidente de la Asociación de Endocrinología y Diabetes de la Comunidad de Madrid y Federico Hawkins Carranza, jefe de servicio de endocrinología del Hospital 12 de Octubre.
518 _aGrabado el 16 y 17 de noviembre de 1990 en el Salón de Actos del Ateneo de Madrid.
520 _aJornadas sobre la diabetes tratada desde una perspectiva social pasando por las causas y finalizando con el tratamiento.
540 _aDocumento inédito
594 _5Datos basados en la invitación.
610 2 0 _aAteneo de Madrid-
_xActos culturales-
_y1990-
_vGrabaciones sonoras
_9240083
650 4 _911848
_aDiabetes-
_xCongresos y asambleas
653 _aArchivo de la palabra
655 0 _aConferencias
_9234444
700 1 _9240320
_aFernández Bayo, Ignacio
_emod
_d1953-
700 1 _9240321
_aAntona Casado, Jaime
_eora
700 1 _9240322
_aLeiva, Alberto de
_eora
700 _9240324
_aDíaz Cadorniga, Francisco
_eora
700 _9240326
_aArrieta Cabrero, Francisco
_emod
700 1 _9240327
_aHerrera Pombo, José Luis
_eora
700 _9240328
_aCalle Pascual, Alfonso Luis
_eora
700 _9240329
_aFerre Cabrero, Carlos
_eora
700 _9240330
_aPascual Campos, Charo
_emod
700 _9240129
_aPonz Marín, Juan Miguel
_eora
700 _9240331
_aManzano Arroyo, Pilar
_eora
700 1 _9240332
_aGómez Candela, Carmen
_eora
700 1 _9159389
_aFernández-Rúa, José María
_emod
700 0 _998665
_aRodríguez Miñón, José Luis
_eora
700 0 _966090
_aJara Albarrán, Antonio
_eora
700 1 _9240333
_aHawkins Carranza, F. G.
_eora
710 2 _aAteneo de Madrid
_ehis
_91875
830 0 _aActos culturales en el Ateneo de Madrid
_9240237
852 _aES-MaACL
_cDEPOZ
_pCinta 1
_9205363
852 _aES-MaACL
_cDEPOZ
_pCinta 2
_9205364
852 _aES-MaACL
_cDEPOZ
_pCinta 3
_9205365
852 _aES-MaACL
_cDEPOZ
_pCinta 4
_9205366
942 _2udc
_n0
_cCINTASAUD
999 _c197229
_d197229